ბათუმის შოთა რუსთაველის სახელმწიფო უნივერსიტეტის ბიბლიოთეკა

პაემანი ვერაზე (ბიბ.ჩანაწერი № 43000)

000 -LEADER
fixed length control field 00776nam a2200217Ia 4500
001 - CONTROL NUMBER
control field 9717
003 - CONTROL NUMBER IDENTIFIER
control field GE_BSU
008 - FIXED-LENGTH DATA ELEMENTS--GENERAL INFORMATION
fixed length control field 181216s||||||||xx |||||||||||||| ||und||
040 ## - CATALOGING SOURCE
Transcribing agency GE_BSU
080 ## - UNIVERSAL DECIMAL CLASSIFICATION NUMBER
Universal Decimal Classification number 821.353.1-11
100 ## - MAIN ENTRY--PERSONAL NAME
Personal name ნიშნიანიძე,გიზო
245 ## - TITLE STATEMENT
Title პაემანი ვერაზე
245 ## - TITLE STATEMENT
Remainder of title თბილისის დოკუმენტური პოემა
245 ## - TITLE STATEMENT
Statement of responsibility, etc. რედ:ნოდარ გურეშიძე;მხატვ:.ვახტანგ რურუა
260 ## - PUBLICATION, DISTRIBUTION, ETC.
Place of publication, distribution, etc. თბილისი.
260 ## - PUBLICATION, DISTRIBUTION, ETC.
Name of publisher, distributor, etc. მერანი.
260 ## - PUBLICATION, DISTRIBUTION, ETC.
Date of publication, distribution, etc. 1991.
300 ## - PHYSICAL DESCRIPTION
Extent 427გვ;ილ;20სმ.
653 ## - INDEX TERM--UNCONTROLLED
Uncontrolled term თბილისის დოკუმენტური პოემა
942 ## - ADDED ENTRY ELEMENTS (KOHA)
Koha item type წიგნი
ეგზემპლარები
Withdrawn status Lost status Damaged status Not for loan Date acquired Barcode Date last seen Price effective from Koha item type
        2018-12-17 32959 2018-12-17 2018-12-17 წიგნი
        2018-12-17 32960 2018-12-17 2018-12-17 წიგნი